MARC details
| 000 -CABECERA |
| campo de control de longitud fija |
02219nam a2200349 i 4500 |
| 003 - IDENTIFICADOR DEL NÚMERO DE CONTROL |
| campo de control |
DO-SdBNP |
| 005 - FECHA Y HORA DE LA ÚLTIMA TRANSACCIÓN |
| campo de control |
20250227073855.0 |
| 007 - CAMPO FIJO DE DESCRIPCIÓN FÍSICA--INFORMACIÓN GENERAL |
| campo de control de longitud fija |
ta |
| 008 - DATOS DE LONGITUD FIJA--INFORMACIÓN GENERAL |
| campo de control de longitud fija |
240724b2015 dr ||||| |||| 00| 0 spa d |
| 020 ## - NÚMERO INTERNACIONAL ESTÁNDAR DEL LIBRO |
| Número Internacional Estándar del Libro |
9789945586459 |
| 040 ## - FUENTE DE LA CATALOGACIÓN |
| Centro catalogador/agencia de origen |
DO-SdBNP |
| Lengua de catalogación |
spa |
| Centro/agencia transcriptor |
BNPHU |
| Normas de descripción |
rda |
| 082 #4 - NÚMERO DE LA CLASIFICACIÓN DECIMAL DEWEY |
| Número de clasificación |
RD863.3 |
| Número de documento/Ítem |
P418c, 2015 |
| Número de edición |
22 |
| 100 1# - ENTRADA PRINCIPAL--NOMBRE DE PERSONA |
| Nombre de persona |
Penson, César Nicolás, |
| Fechas asociadas al nombre |
1855-1901 |
| 9 (RLIN) |
6475 |
| Término indicativo de función/relación |
autor |
| 245 10 - MENCIÓN DE TÍTULO |
| Título |
Cosas añejas : |
| Resto del título |
tradiciones y episodios de Santo Domingo / |
| Mención de responsabilidad, etc. |
César Nicolás Penson ; prólogo y notas, Rita Tejada ; presentación, Diógenes Céspedes ; cuidado de edición, Eric Simó |
| 264 ## - PRODUCCIÓN, PUBLICACIÓN, DISTRIBUCIÓN, FABRICACIÓN Y COPYRIGHT |
| Producción, publicación, distribución, fabricación y copyright |
Santo Domingo : |
| Nombre del de productor, editor, distribuidor, fabricante |
Archivo General de la Nación, |
| Fecha de producción, publicación, distribución, fabricación o copyright |
2015. |
| 300 ## - DESCRIPCIÓN FÍSICA |
| Extensión |
453 páginas ; |
| Dimensiones |
23 cm. |
| 336 ## - TIPO DE CONTENIDO |
| Fuente |
rdacontent |
| Término de tipo de contenido |
texto |
| Código de tipo de contenido |
txt |
| 337 ## - TIPO DE MEDIO |
| Fuente |
rdamedia |
| Nombre/término del tipo de medio |
sin mediación |
| Código del tipo de medio |
n |
| 338 ## - TIPO DE SOPORTE |
| Fuente |
rdacarrier |
| Nombre/término del tipo de soporte |
volumen |
| Código del tipo de soporte |
nc |
| 490 ## - MENCIÓN DE SERIE |
| Mención de serie |
Archivo General de la Nación |
| Designación de volumen o secuencia |
244 |
| 500 ## - NOTA GENERAL |
| Nota general |
Incluye datos biográficos del autor en las solapas |
| 500 ## - NOTA GENERAL |
| Nota general |
Incluye referencias bibliográficas y notas al pie de las páginas. |
| 505 ## - NOTA DE CONTENIDO CON FORMATO |
| Nota de contenido con formato |
Presentación/ |
| Mención de responsabilidad |
Diógenes Céspedes-- |
| Título |
Prólogo de esta edición / |
| Mención de responsabilidad |
Rita Tejada-- |
| Título |
Abreviaturas usadas por César Nicolás Penson en Cosas Añejas -- |
| -- |
Refranes y expresiones en Cosas Añejas-- |
| -- |
Prólogo a la edición de 1891-- |
| -- |
Drama horrendo o la mancha de sangre (Tradición)-- |
| -- |
Profanación!-- |
| -- |
Entre dos miedos-- |
| -- |
El martirio por la honra (Tradición)-- |
| -- |
Muerte por muerte (Tradición) -- |
| -- |
Los tres que echaron a Pedro entre el pozo (Tradición)-- |
| -- |
Coplas-- |
| -- |
El santo y la colmena-- |
| -- |
Las vírgenes de Galindo (Tradición)-- |
| -- |
Las vírgenes de Galindo o la Invanción de los haitianos sobre la parte Española de la isla de Santo Domingo el 9 de febrero de 1822-- |
| -- |
Gobernación Civil y Militar de la provincia de Santo Domingo -- |
| -- |
Advertencia -- |
| -- |
Las vírgenes de Galindo -- |
| -- |
Índice onomástico. |
| 590 ## - NOTA LOCAL (RLIN) |
| Nota local |
Inventariado, 2024 / BT |
| 650 #4 - PUNTO DE ACCESO ADICIONAL DE MATERIA--TÉRMINO DE MATERIA |
| 9 (RLIN) |
42096 |
| Término de materia o nombre geográfico como elemento de entrada |
Uso y costumbres |
| Subdivisión de forma |
Novela |
| Subdivisión general |
Ficción |
| Subdivisión geográfica |
República Dominicana |
| 651 #4 - PUNTO DE ACCESO ADICIONAL DE MATERIA--NOMBRE GEOGRÁFICO |
| 9 (RLIN) |
3198 |
| Nombre geográfico |
República Dominicana |
| Subdivisión general |
Ficción |
| 700 1# - PUNTO DE ACCESO ADICIONAL--NOMBRE DE PERSONA |
| Nombre de persona |
Alcántara Almánzar, José |
| Fechas asociadas al nombre |
1946- |
| Término indicativo de función/relación |
prólogo |
| 9 (RLIN) |
7018 |
| 700 1# - PUNTO DE ACCESO ADICIONAL--NOMBRE DE PERSONA |
| Nombre de persona |
Céspedes, Diógenes, |
| Término indicativo de función/relación |
presentación |
| 9 (RLIN) |
86158 |
| 700 1# - PUNTO DE ACCESO ADICIONAL--NOMBRE DE PERSONA |
| Nombre de persona |
Simó, Eric, |
| Término indicativo de función/relación |
cuidado de edición |
| 9 (RLIN) |
313 |
| 910 ## - DATOS DE OPCIÓN DEL USUARIO (OCLC) |
| Datos de opción del usuario |
Btavárez |
| 942 ## - ELEMENTOS DE PUNTO DE ACCESO ADICIONAL (KOHA) |
| Fuente del sistema de clasificación o colocación |
Dewey Decimal Classification |
| Tipo de ítem Koha |
Libro |